| 000 | 00985cam a2200301 a 4500 | ||
|---|---|---|---|
| 001 | 000004687 | ||
| 005 | 20240529124642.0 | ||
| 008 | 021106s1998 sp 000 f spa d | ||
| 020 | _a840802793X | ||
| 040 |
_aDO-SdBNP _bspa _cDLC _dBNPHU |
||
| 041 | 1 | 7 |
_aspa _hpor _2Código de idioma MARC |
| 082 |
_aB869.42 _bC672m |
||
| 100 | 1 |
_aCoelho, Paulo, _d1947- _913649 |
|
| 240 | 1 | 0 |
_aManual do Guerreiro da luz. _lEspañol |
| 245 | 1 | 0 |
_aManual del guerrero de la luz / _cPaulo Coelho ; traducción de Montserrat Mira. |
| 260 |
_aBarcelona : _bPlaneta, _c1998. |
||
| 300 |
_a149 p. ; _c19 cm. |
||
| 490 | 1 | _aBiblioteca Paulo Coelho. | |
| 534 |
_aTítulo original: _tManual do Guerreiro da luz |
||
| 650 | 0 |
_aNovela brasileña _913650 |
|
| 650 | 4 |
_aLiteratura brasileña _9823 |
|
| 650 | 4 |
_aConducta social _xNovela _913651 |
|
| 700 | 1 |
_aMira, Montserrat, _etr. _913652 |
|
| 830 | 0 |
_aBiblioteca Paulo Coelho _913653 |
|
| 910 | _aCatalogación derivada | ||
| 910 | _aWM | ||
| 049 | _aBNGR | ||
| 999 |
_c4493 _d4493 |
||